Movies to Actor Title Select Quiz - Statistics

General Stats
  • This quiz has been taken 193 times
  • The average score is 56 of 80
Answer Stats
Question Tile Select % Correct
Sylvester Stallone movies Water World No
98%
Sylvester Stallone movies Con air No
96%
Sylvester Stallone movies Rocky Yes
96%
Sylvester Stallone movies Passenger 57 No
94%
Sylvester Stallone movies Platoon No
94%
Sylvester Stallone movies Terminator Genisys No
94%
Arnold Schwarzenegger movies Die Hard 2 No
93%
Sylvester Stallone movies Full metal jacket No
93%
Sylvester Stallone movies Heat No
93%
Samuel L. Jackson movies The Village No
93%
Arnold Schwarzenegger movies American Sniper No
92%
Sylvester Stallone movies Ransom No
92%
Clint Eastwood movies The Pink Panther Strikes Again No
92%
Samuel L. Jackson movies Aliens No
91%
Bruce Willis movies Horrible Bosses No
91%
Clint Eastwood movies The Godfather No
91%
Arnold Schwarzenegger movies Clear and Present Danger No
90%
Arnold Schwarzenegger movies Rambo: Last Blood No
90%
Clint Eastwood movies Slumdog Millionaire No
90%
Bruce Willis movies The Crimson Rivers No
90%
Clint Eastwood movies Volcano No
90%
Clint Eastwood movies Dances with Wolves No
89%
Samuel L. Jackson movies The Legend of Zorro No
89%
Bruce Willis movies Die Hard Yes
88%
Bruce Willis movies The Usual Suspects No
88%
Bruce Willis movies Face/Off No
87%
Bruce Willis movies Ocean's Eleven No
87%
Samuel L. Jackson movies Pulp Fiction Yes
87%
Clint Eastwood movies The Good, the Bad and the Ugly Yes
87%
Bruce Willis movies The Green Mile No
87%
Bruce Willis movies Total Recall No
87%
Bruce Willis movies Seven No
85%
Clint Eastwood movies Dirty Harry Yes
82%
Clint Eastwood movies The Bridge on the River Kwai No
82%
Sylvester Stallone movies First blood Yes
81%
Samuel L. Jackson movies American History X No
80%
Arnold Schwarzenegger movies Armaggeddon No
80%
Samuel L. Jackson movies The Book of Eli No
80%
Bruce Willis movies The Sixth Sense Yes
79%
Clint Eastwood movies Gran Torino Yes
77%
Samuel L. Jackson movies Outbreak No
77%
Sylvester Stallone movies The Expendables Yes
77%
Arnold Schwarzenegger movies Conan the Destroyer Yes
76%
Arnold Schwarzenegger movies Last Action Hero Yes
76%
Arnold Schwarzenegger movies True Lies Yes
74%
Clint Eastwood movies A Fistfull of Dollars Yes
72%
Bruce Willis movies The Fifth Element Yes
72%
Sylvester Stallone movies Cliffhanger Yes
69%
Bruce Willis movies 12 Monkeys Yes
67%
Arnold Schwarzenegger movies Jingle All the Way Yes
66%
Samuel L. Jackson movies Unbreakable Yes
64%
Clint Eastwood movies Once Upon a Time in the West No
63%
Samuel L. Jackson movies Star Wars Episode I Yes
61%
Sylvester Stallone movies Demolition man Yes
60%
Arnold Schwarzenegger movies The Running Man Yes
60%
Clint Eastwood movies Escape from Alcatraz Yes
58%
Bruce Willis movies Red Yes
58%
Arnold Schwarzenegger movies Batman Forever No
55%
Arnold Schwarzenegger movies Predator 2 No
54%
Clint Eastwood movies In the Line of Fire Yes
53%
Samuel L. Jackson movies The Negotiator Yes
52%
Sylvester Stallone movies Cop Land Yes
50%
Samuel L. Jackson movies Die Hard 3 Yes
50%
Bruce Willis movies The Jackal Yes
47%
Clint Eastwood movies The Mule Yes
43%
Sylvester Stallone movies Escape plan Yes
42%
Arnold Schwarzenegger movies End of Days Yes
41%
Samuel L. Jackson movies A Time to Kill Yes
40%
Clint Eastwood movies Heartbreak Ridge Yes
40%
Samuel L. Jackson movies Jurassic Park Yes
40%
Arnold Schwarzenegger movies The 6th Day Yes
39%
Samuel L. Jackson movies The Long Kiss Goodnight Yes
38%
Bruce Willis movies Tears of the Sun Yes
34%
Sylvester Stallone movies Daylight Yes
33%
Bruce Willis movies 16 Blocks Yes
31%
Clint Eastwood movies Absolute Power Yes
27%
Arnold Schwarzenegger movies Maggie Yes
17%
Arnold Schwarzenegger movies Around the World in 80 Days Yes
13%
Samuel L. Jackson movies Unthinkable Yes
13%
Samuel L. Jackson movies Big Game Yes
12%
No matching quizzes found
Score Distribution
Percent of People with Each Score
Percentile by Number Answered
Your Score History
You have not taken this quiz